000 00430nam a2200181Ia 4500
001 1113
005 20260306140608.0
008 260306t2017||||xx |||||||||||||| ||spa||
041 _aESP
082 _a182
_bV937
100 _aVernant, Jean-Pierre
_eAUT
245 0 _aLos orígenes del pensamiento griego
260 _c2017
300 _a145 páginas :
_c23 cm.
650 _aGEN
654 _aCHU
942 _cLIB
_dJUS
_fJUS
_2ddc
_n
999 _c1113
_d1113